| 000 | 00491cam a22001337a 4500 | ||
|---|---|---|---|
| 008 | 180718b1965 xxu||||| |||| 00| 0 eng d | ||
| 082 | _aT000x44 H115e | ||
| 100 | _aHackett, John | ||
| 245 |
_aEconomic planning in France: its relation to the policies of the development countries of Western Europe _cby John Hackett |
||
| 260 |
_aBombay _bAsia _c1965 |
||
| 300 | _a55p. | ||
| 500 | _aRs.3.00; 3 lectures under auspices of council for Economic Education | ||
| 650 | _aEconomic Planning - France | ||
| 999 |
_c367356 _d367356 |
||